[Event "North American-ch U20"]
[Site "Charlotte"]
[Date "2019.06.26"]
[Round "2"]
[White "Agarwalla, Mohak"]
[Black "Vettese, Nicholas"]
[Result "0-1"]
[WhiteElo "1261"]
[BlackElo "2247"]
[PlyCount "91"]
[EventDate "2019.06.26"]
[EventType "swiss"]
[EventRounds "9"]
[EventCountry "USA"]
[SourceTitle "CBM 191 Extra"]
[Source "ChessBase"]
[SourceDate "2019.09.30"]
[SourceVersion "1"]
[SourceVersionDate "2019.09.30"]
[SourceQuality "1"]

1. e4 c5 2. Nf3 d6 3. d4 cxd4 4. Nxd4 Nf6 5. Nc3 a6 6. h3 e6 7. g4 Nc6 8. g5 Nd7 9. h4 Qb6 10. Nxc6 bxc6 11. Bg2 e5 12. 0-0 Nc5 13. b3 Ne6 14. Be3 Qc7 15. Qd2 h6 16. Ne2 hxg5 17. hxg5 Be7 18. g6 fxg6 19. f4 Bf6 20. Rad1 exf4 21. Nxf4 Be5 22. Nxg6 Bh2+ 23. Kh1 Rh7 24. Rf3 Nf4 25. Nxf4 Bxf4+ 26. Kg1 Bh2+ 27. Kf1 Bg4 28. Qf2 Bxf3 29. Bxf3 Be5 30. Bd4 Rh2 31. Qe3 Qf7 32. Bxe5 Rh1+ 33. Kg2 Rxd1 34. Bxd1 dxe5 35. Qc5 Qg6+ 36. Kf2 Qf6+ 37. Ke1 Qh4+ 38. Kf1 Qf4+ 39. Kg1 Qxe4 40. c3 Rd8 41. Bh5+ g6 42. Be2 Qxe2 43. Qxc6+ Ke7 44. Qc7+ Rd7 45. Qc5+ Kf7 46. Qc4+ 0-1